[Event "Varennes Myriam Roy op"]
[White "Kraiouchkine, Nikita"]
[Black "Trottier, Alain"]
[Site "Varennes"]
[Round "4"]
[Result "1-0"]
[Date "2005.12.04"]
[WhiteElo "1844"]
[BlackElo "1940"]
[PlyCount "95"]
[EventDate "2005.12.02"]
[EventType "swiss"]
[EventRounds "5"]
[EventCountry "CAN"]
[SourceTitle "EXT 2009"]
[Source "ChessBase"]
[SourceDate "2008.11.26"]
[SourceVersion "1"]
[SourceVersionDate "2008.11.26"]
[SourceQuality "1"]

1. e4 c6 2. d4 d5 3. exd5 cxd5 4. c4 Nf6 5. Nc3 e6 6. Nf3 Bb4 7. Qb3 Nc6 8. c5 Ne4 9. Bf4 Qa5 10. Rc1 Nxc5 11. dxc5 d4 12. a3 Bxc5 13. Qb5 dxc3 14. Qxa5 Nxa5 15. b4 Bb6 16. bxa5 Bxa5 17. Be5 0-0 18. Bxc3 Bb6 19. Bb5 a6 20. Ba4 Rd8 21. Ke2 f6 22. Rhd1 Kf7 23. Rxd8 Bxd8 24. Bd4 e5 25. Bb3+ Ke8 26. Be3 Be7 27. a4 g5 28. Rc7 h5 29. Bd5 Rb8 30. Nd2 h4 31. Nc4 b5 32. Ba7 Bg4+ 33. f3 Rd8 34. Bc6+ Bd7 35. Rxd7 bxc4 36. Rd4+ Kf8 37. Rxd8+ Bxd8 38. Bc5+ Kg7 39. Bb7 a5 40. Bd5 f5 41. Bxc4 Kf6 42. Kd3 Bc7 43. h3 Bd8 44. Bd5 Be7 45. Bxe7+ Kxe7 46. Kc4 Kd6 47. Ba8 Ke6 48. Kc5 1-0

[Event "Montreal Class-A"]
[White "Prahov, Valentin Asenov"]
[Black "Trottier, Alain"]
[Site "Montreal"]
[Round "1"]
[Result "1-0"]
[Date "2004.11.12"]
[WhiteElo "2225"]
[BlackElo "2003"]
[PlyCount "61"]
[EventDate "2004.11.??"]
[EventType "swiss"]
[EventRounds "5"]
[EventCountry "CAN"]
[SourceTitle "EXT 2006"]
[Source "ChessBase"]
[SourceDate "2005.11.24"]
[SourceVersion "1"]
[SourceVersionDate "2005.11.24"]
[SourceQuality "1"]

1. e4 c6 2. d4 d5 3. exd5 cxd5 4. c4 Nf6 5. Nc3 e6 6. c5 Be7 7. b4 0-0 8. Bd3 Nc6 9. a3 Nxd4 10. Bxh7+ Nxh7 11. Qxd4 Bf6 12. Qd2 Ng5 13. Bb2 Bd7 14. h4 Ne4 15. Nxe4 Bxb2 16. Qxb2 dxe4 17. Rd1 Qe8 18. Ne2 b6 19. h5 e5 20. cxb6 axb6 21. Ng3 Ba4 22. Rd2 e3 23. fxe3 Qe6 24. 0-0 Rad8 25. Nf5 Rxd2 26. Qxd2 Rc8 27. e4 Bc2 28. Qg5 g6 29. hxg6 fxg6 30. Ne7+ Kg7 31. Nxc8 1-0

[Event "Quebec op"]
[White "Belanger, Jacques"]
[Black "Trottier, Alain"]
[Site "Montreal"]
[Round "3"]
[Result "1-0"]
[Date "1989.07.24"]
[WhiteElo "1895"]
[BlackElo "1782"]
[PlyCount "121"]
[EventDate "1989.07.22"]
[EventType "swiss"]
[EventRounds "8"]
[EventCountry "CAN"]
[SourceTitle "EXT 2022"]
[Source "ChessBase"]
[SourceDate "2021.10.06"]
[SourceVersion "1"]
[SourceVersionDate "2021.10.06"]
[SourceQuality "1"]

1. e4 g6 2. d4 Bg7 3. c3 d5 4. e5 Nh6 5. Ne2 0-0 6. Nf4 e6 7. Bd3 b6 8. h4 c5 9. h5 g5 10. Nh3 f6 11. exf6 Bxf6 12. Qd2 Nf7 13. f4 h6 14. fxg5 Bxg5 15. Nxg5 Nxg5 16. Qe2 Nc6 17. Bb5 Ne7 18. Qe5 Rf5 19. Qg3 Kh8 20. Bd3 Ne4 21. Bxe4 dxe4 22. Bxh6 Qg8 23. Qxg8+ Kxg8 24. dxc5 Rxc5 25. Nd2 Bb7 26. 0-0-0 Nf5 27. Bf4 e5 28. Bg5 e3 29. Nb3 Rc4 30. Rhe1 Bxg2 31. Bxe3 Bf3 32. Nd2 Bxd1 33. Nxc4 Bxh5 34. Nxe5 Re8 35. Bd4 Nxd4 36. cxd4 Rd8 37. Rh1 Be8 38. Rd1 Kg7 39. Rd2 Rc8+ 40. Kd1 Bh5+ 41. Ke1 Kf6 42. Kf2 Ke6 43. Ke3 Kd5 44. Kf4 Rf8+ 45. Kg5 Be8 46. Ng4 Rg8+ 47. Kf4 Rf8+ 48. Ke3 Bh5 49. Ne5 Rf1 50. Rh2 Re1+ 51. Kd2 Rd1+ 52. Kc2 Be2 53. Rxe2 Rxd4 54. Nf3 Rf4 55. Nd2 b5 56. Nb3 Ra4 57. a3 Rh4 58. Re7 Rh2+ 59. Kb1 Rh1+ 60. Ka2 b4 61. Rxa7 1-0

[Event "Montreal Winter/Hiver op"]
[White "Morin, Louis"]
[Black "Trottier, Alain"]
[Site "Montreal"]
[Round "4"]
[Result "1-0"]
[Date "1980.01.27"]
[WhiteElo "1579"]
[BlackElo "1385"]
[PlyCount "69"]
[EventDate "1980.01.25"]
[EventType "swiss"]
[EventRounds "5"]
[EventCountry "CAN"]
[SourceTitle "EXT 2022"]
[Source "ChessBase"]
[SourceDate "2021.10.06"]
[SourceVersion "1"]
[SourceVersionDate "2021.10.06"]
[SourceQuality "1"]

1. e4 e5 2. Nf3 Nc6 3. Bc4 Nf6 4. Ng5 d5 5. exd5 Na5 6. Bb5+ c6 7. dxc6 bxc6 8. Be2 h6 9. Nf3 e4 10. Ne5 Qd4 11. f4 Bc5 12. Rf1 Qd8 13. c3 Nd5 14. d4 Qh4+ 15. g3 Qxh2 16. Qa4 Qxg3+ 17. Kd1 Bb6 18. b4 Nxc3+ 19. Nxc3 Qxc3 20. bxa5 0-0 21. axb6 Qxa1 22. b7 Bxb7 23. Kc2 Ba6 24. Bxa6 Rab8 25. Qc4 Qb1+ 26. Kd1 Rb4 27. Qc5 Rb2 28. Qc3 Rxa2 29. Bc4 Rh2 30. Nxc6 e3 31. d5 Re8 32. Be2 Qa2 33. Qd3 Re4 34. Re1 Rc4 35. Qxc4 1-0